[Event "Master Open"]
[Site "Voronezh"]
[Date "2017.06.18"]
[Round "6.33"]
[White "Vinogradov, Anatoly"]
[Black "Murtazin, Bulat"]
[Result "*"]
[WhiteElo "2309"]
[BlackElo "2403"]
[Annotator ""]
[Source ""]
[Remark ""]

1.d4 Nf6 2.c4 g6 3.Nc3 Bg7 4.e4 d6 5.Be2 O-O 6.Be3 e5 7.d5 Na6
8.Nf3 c6 9.Nd2 Ne8 10.g4 f5 11.gxf5 gxf5 12.exf5 Bxf5 13.Nde4
Nf6 14.Ng3 Qd7 15.dxc6 bxc6 16.Nxf5 Qxf5 17.Rg1 Rad8 18.Qa4 Qc8
19.O-O-O Kh8 20.h4 Nc5 21.Qc2 Ne6 22.h5 Nf4 23.Bxf4 exf4 24.h6
Bxh6 25.Rh1 Bg7 26.Ne4 Nxe4 27.Qxe4 Qf5 28.Qxf5 Rxf5 29.Bd3 Rc5
30.Rxh7+ Kg8 31.Rg1 Rd7 32.Rh4 Rf7 33.Rgg4 Kf8 34.Kb1 Bf6 35.Rh6
Be5 36.b4 Rb7 37.Rxf4+ Bxf4 38.Rh8+ Kg7 39.Rh7+ Kf6 40.Rxb7 Rg5
41.Rxa7 Rg2 42.Ra8 Ke5 43.Re8+ Kd4 44.Kc2 Rxf2+ 45.Re2 Rxe2+
46.Bxe2 c5 47.b5 d5 48.b6 Bg3 49.a4 Be1 50.b7 Bg3 51.a5 dxc4
52.a6 Bb8 *

[Event "Master Open"]
[Site "Voronezh"]
[Date "2017.06.18"]
[Round "6.34"]
[White "Peskov, Alexsey"]
[Black "Yashmetov, Mikhail"]
[Result "*"]
[WhiteElo "2394"]
[BlackElo "2308"]
[Annotator ""]
[Source ""]
[Remark ""]

1.d4 Nf6 2.c4 g6 3.Nc3 d5 4.Bf4 Bg7 5.e3 O-O 6.Rc1 dxc4 7.Bxc4
c5 8.dxc5 Qa5 9.Nge2 Qxc5 10.Nb5 Qb4+ 11.Kf1 Na6 12.a3 Qa5 13.b4
Qd8 14.Nec3 Qxd1+ 15.Rxd1 Bf5 16.Bd3 Rfd8 17.Ke2 Be6 18.Be5 Nd5
19.Bxg7 Kxg7 20.Be4 Nac7 21.Bxd5 Nxb5 22.Nxb5 Bxd5 23.Rxd5 Rxd5
24.Nc7 Rad8 25.Nxd5 Rxd5 26.Rc1 a5 27.Rc5 Rxc5 28.bxc5 Kf6 29.Kd3
Ke5 30.Kc4 Ke4 31.a4 f5 32.Kb5 Kd5 33.f3 g5 34.g3 g4 35.fxg4
fxg4 36.c6 bxc6+ 37.Kxa5 c5 38.Kb5 c4 39.Kb4 *

[Event "Master Open"]
[Site "Voronezh"]
[Date "2017.06.18"]
[Round "6.35"]
[White "Palachev, Petr"]
[Black "Shtyka, Sergey"]
[Result "*"]
[WhiteElo "2380"]
[BlackElo "2281"]
[Annotator ""]
[Source ""]
[Remark ""]

1.d4 c5 2.d5 g6 3.e4 Bg7 4.c4 d6 5.Nc3 Nf6 6.h3 O-O 7.Nf3 Na6
8.Bd3 Nc7 9.O-O a6 10.Re1 Nfe8 11.Bf4 b5 12.e5 bxc4 13.Bxc4 Rb8
14.Qd2 Nb5 15.Ne4 Qb6 16.a4 Nd4 17.Nxd4 cxd4 18.exd6 Nxd6 19.Nxd6
exd6 20.a5 Qc5 21.Rac1 d3 22.Bxa6 Qxd5 23.Bc4 Qd4 24.b3 Bf5 25.a6
Ra8 26.Be3 Qb2 27.Red1 d5 28.Bxd3 Qxd2 29.Rxd2 d4 30.Bxd4 Bh6
31.Be3 Bxe3 32.fxe3 Rfd8 33.e4 Bc8 34.Rcd1 Bxa6 35.Bxa6 Rxd2
36.Rxd2 Rxa6 37.Kf2 Rb6 38.Rd3 Rb4 39.Re3 f6 40.Ke2 Kf7 41.Kd2
Rb8 42.Kc3 Rc8+ 43.Kd4 Rd8+ 44.Kc5 Rc8+ 45.Kd6 Rd8+ 46.Kc7 Rd2
47.g4 Ke6 48.Kc6 Rc2+ 49.Kb6 Ke5 50.b4 Kf4 51.Ra3 Kxe4 52.b5
f5 53.gxf5 gxf5 54.Ra7 h5 55.Re7+ Kf3 56.Re5 f4 57.Rxh5 Kg3 58.Rf5
f3 59.Ka7 Ra2+ 60.Kb7 f2 61.b6 Kxh3 62.Kb8 Rb2 63.b7 Rxb7+ 64.Kxb7
Kg2 65.Rxf2+ Kxf2 *

[Event "Master Open"]
[Site "Voronezh"]
[Date "2017.06.18"]
[Round "6.36"]
[White "Yeritsyan, Aram"]
[Black "Popov, Mikhail"]
[Result "*"]
[WhiteElo "2295"]
[BlackElo "2378"]
[Annotator ""]
[Source ""]
[Remark ""]

1.e4 c6 2.d4 d5 3.Nc3 dxe4 4.Nxe4 Bf5 5.Ng3 Bg6 6.h4 h6 7.Nf3
e6 8.Ne5 Bh7 9.Bc4 Nf6 10.Qe2 Nd5 11.Nh5 Nd7 12.Rh3 Nxe5 13.Qxe5
Bxc2 14.Nxg7+ Kd7 15.Rf3 Bg6 16.Kf1 Bd6 17.Nxe6 Qxh4 18.Nc5+
Bxc5 19.Bxd5 Qh1+ 20.Ke2 Rhe8 21.Be3 Qxa1 22.Bxc6+ bxc6 23.Qxc5
Qxb2+ *

[Event "Master Open"]
[Site "Voronezh"]
[Date "2017.06.18"]
[Round "6.37"]
[White "Provotorov, Ivan"]
[Black "Ageichenko, Genadi A"]
[Result "*"]
[WhiteElo "2368"]
[BlackElo "2279"]
[Annotator ""]
[Source ""]
[Remark ""]

1.d4 d5 2.c4 c6 3.Nf3 Nf6 4.e3 e6 5.b3 Nbd7 6.Bd3 Bd6 7.Bb2 Qe7
8.Ne5 Bb4+ 9.Nd2 Ne4 10.Bxe4 dxe4 11.O-O Nf6 12.Qc2 Bxd2 13.Qxd2
O-O 14.a4 Rd8 15.Ba3 Qc7 16.Qc2 b6 17.c5 Ba6 18.cxb6 axb6 19.Nxc6
Rdc8 20.Rfc1 Kh8 21.Qd2 Qb7 22.Ne5 Nd5 23.Rxc8+ Rxc8 24.Rc1 f6
25.Rxc8+ Qxc8 26.Nf7+ Kg8 27.Nd6 Qc6 28.Nxe4 f5 29.Ng3 b5 30.Qc1
Qxc1+ 31.Bxc1 bxa4 32.bxa4 Nb6 33.d5 Nxd5 34.Bd2 Nb6 35.a5 Nc4
36.Bc3 g6 37.e4 Kf7 38.exf5 exf5 39.f3 Ne3 40.Bd2 Nc4 41.Bb4
Ne3 42.h4 Ke6 43.h5 Nd5 44.Bd2 Nf6 45.h6 Nd5 46.Kf2 Ke5 47.Ke1
Kf6 48.Ne2 g5 49.Nd4 f4 50.Kf2 Kg6 51.g3 fxg3+ 52.Kxg3 Kxh6 53.Ne6
Kg6 54.Nxg5 Bc4 55.Ne4 h5 56.Nc5 Nc7 57.Bc3 Kf5 58.Ne4 Be2 59.Kf2
Ba6 60.Ng3+ Kg6 61.Be5 Nd5 62.Ne4 Nb4 63.Bd6 Nd3+ 64.Ke3 Kf5
65.Bg3 Ke6 66.Kd4 Bb5 67.Nc3 Ba6 68.Nd5 Nc1 69.Nc7+ *

[Event "Master Open"]
[Site "Voronezh"]
[Date "2017.06.18"]
[Round "6.38"]
[White "Obolentseva, Alexandra"]
[Black "Ovod, Evgenija"]
[Result "*"]
[WhiteElo "2283"]
[BlackElo "2365"]
[Annotator ""]
[Source ""]
[Remark ""]

1.d4 d5 2.c4 c6 3.Nf3 Nf6 4.Nc3 dxc4 5.a4 e6 6.e4 Bb4 7.Bxc4
Nxe4 8.O-O Nxc3 9.bxc3 Be7 10.Ne5 Nd7 11.Qg4 Nxe5 12.dxe5 Kf8
13.Rd1 Qc7 14.Bf4 h5 15.Qg3 Bd7 16.Rd3 Rd8 17.Rad1 Be8 18.Rxd8
Bxd8 19.Bg5 Bxg5 20.Qxg5 Qe7 21.Qe3 c5 22.Rd6 Qc7 23.Qd2 g6 24.Qf4
Kg8 25.Qf6 a6 26.h4 Kh7 27.Bxe6 Rg8 28.Bf5 Bxa4 29.Qg5 Be8 30.Qxh5+
Kg7 31.Qg5 Kf8 32.Qh6+ Rg7 33.Be4 Kg8 34.Qg5 f5 35.Bd5+ Kh7 36.h5
Qe7 37.Qf4 Bf7 38.hxg6+ Rxg6 39.Qxf5 Be8 40.Be4 Qg7 41.Qh5+ *

[Event "Master Open"]
[Site "Voronezh"]
[Date "2017.06.18"]
[Round "6.39"]
[White "Salemgareev, Tagir"]
[Black "Sobina, Pavel"]
[Result "*"]
[WhiteElo "2360"]
[BlackElo "2250"]
[Annotator ""]
[Source ""]
[Remark ""]

1.d4 Nf6 2.c4 g6 3.Nc3 Bg7 4.e4 d6 5.Nf3 O-O 6.h3 e5 7.d5 a5
8.g4 Na6 9.Be3 Nc5 10.Nd2 b6 11.Be2 Ne8 12.h4 f5 13.g5 Bd7 14.f3
c6 15.Nb3 Nc7 16.Nxc5 bxc5 17.Qd2 cxd5 18.cxd5 a4 19.O-O-O Qb8
20.h5 a3 21.b3 Bb5 22.hxg6 hxg6 23.Bxc5 Bxe2 24.Qxe2 dxc5 25.d6
Qb4 26.Qc2 Ne6 27.Nd5 Qb5 28.exf5 Nd4 29.Ne7+ Kf7 30.Qe4 Qa5
31.Rd3 c4 32.Nxg6 Rab8 33.Rh7 cxd3 34.Nxe5+ Kg8 35.Rxg7+ Kxg7
36.f6+ Rxf6 37.gxf6+ Kxf6 38.Nd7+ Kg5 39.Qg4+ Kh6 40.Qf4+ Kh5
41.Qg4+ Kh6 42.Qf4+ Kh5 43.Qg4+ *

[Event "Master Open"]
[Site "Voronezh"]
[Date "2017.06.18"]
[Round "6.40"]
[White "Michelle Catherina, P"]
[Black "Murtazin, Ruslan"]
[Result "*"]
[WhiteElo "2157"]
[BlackElo "2359"]
[Annotator ""]
[Source ""]
[Remark ""]

1.e4 c5 2.Nf3 Nc6 3.d4 cxd4 4.Nxd4 Qb6 5.Nb3 Nf6 6.Nc3 e6 7.Bd3
a6 8.Be3 Qc7 9.f4 d6 10.Qf3 Be7 11.g4 h6 12.h4 h5 13.g5 Ng4 14.O-O-O
b5 15.Kb1 Bb7 16.Rhe1 Rc8 17.Bg1 O-O 18.Qg3 Nb4 19.f5 Nxd3 20.cxd3
b4 21.Ne2 d5 22.Qxc7 Rxc7 23.exd5 Bxd5 24.Nf4 Bf3 25.Rc1 Rxc1+
26.Kxc1 Bd6 27.Nxh5 Nh2 28.Nxg7 Kxg7 29.fxe6 Bg3 30.Bd4+ Kg6
31.Bc5 Re8 32.Rg1 Bf4+ 33.Kc2 fxe6 34.Bxb4 e5 35.Bd2 Rc8+ 36.Bc3
Bd5 37.h5+ Kxh5 38.g6 Nf3 39.Rh1+ Kxg6 40.Rf1 e4 41.dxe4 Bxe4+
42.Kd1 Kf5 43.Ke2 Kg4 44.a3 Re8 45.Nc5 Bc2+ 46.Kf2 Be3+ *

[Event "Master Open"]
[Site "Voronezh"]
[Date "2017.06.18"]
[Round "6.41"]
[White "Strelnikov, Sergey"]
[Black "Pogorelskikh, Sergey"]
[Result "0-1"]
[WhiteElo "2357"]
[BlackElo "2233"]
[Annotator ""]
[Source ""]
[Remark ""]

1.Nf3 Nf6 2.c4 g6 3.Nc3 Bg7 4.e4 d6 5.d4 O-O 6.Be2 e5 7.O-O exd4
8.Nxd4 Re8 9.f3 c6 10.Kh1 Nbd7 11.g4 Nc5 12.Be3 a5 13.Qd2 Nfd7
14.Rad1 a4 15.Rg1 Kh8 16.Bh6 Bxh6 17.Qxh6 Qf6 18.Qd2 Ne6 19.Nxe6
Rxe6 20.g5 Qe7 21.f4 Nc5 22.Bf3 f5 23.exf5 gxf5 24.Rge1 Kg8 25.Rxe6
Bxe6 26.Re1 Qd7 27.Qd4 Re8 28.Be2 Bf7 29.Rd1 Ne4 30.Nxe4 Rxe4
31.Qd2 Qe6 32.Bd3 Bh5 33.Rf1 Be2 34.Bxe4 Qxe4+ 35.Kg1 Bxf1 36.Kxf1
Qh1+ 37.Ke2 Qxh2+ 38.Kd3 Qxd2+ 39.Kxd2 h6 0-1

[Event "Master Open"]
[Site "Voronezh"]
[Date "2017.06.19"]
[Round "7.41"]
[White "Kharmunova, Nadezhda"]
[Black "Bykov, Egor"]
[Result "0-1"]
[WhiteElo "2137"]
[BlackElo "2332"]
[Annotator ""]
[Source ""]
[Remark ""]

1.e4 e5 2.Nf3 Nc6 3.Bc4 Bc5 4.c3 Nf6 5.d3 O-O 6.b4 Bb6 7.a4 a6
8.Bg5 h6 9.Bh4 d6 10.Nbd2 g5 11.Nxg5 hxg5 12.Bxg5 Kg7 13.Qf3
Nb8 14.Nf1 Rh8 15.h4 Be6 16.Ng3 Nbd7 17.h5 Bg4 18.Nf5+ Kf8 19.Qg3
Bxf5 20.exf5 c6 21.h6 d5 22.Bb3 Qc7 23.a5 Ba7 24.h7 Rxh7 25.Ke2
Rxh1 26.Rxh1 Ke7 27.Rh6 Qd6 28.d4 Rg8 29.Rxf6 Rxg5 30.Rxd6 Rxg3
31.Rxd7+ Kxd7 32.fxg3 exd4 33.c4 dxc4 34.Bxc4 f6 35.Kd3 Kd6 36.Be6
c5 37.Kc4 b5+ 38.Kd3 c4+ 39.Kd2 d3 40.Bc8 Ke5 41.Kc3 Bd4+ 42.Kd2
Bf2 43.Bxa6 Kd4 44.Bxb5 c3+ 45.Kc1 Be3+ 0-1

[Event "Master Open"]
[Site "Voronezh"]
[Date "2017.06.19"]
[Round "7.42"]
[White "Harutjunyan, Gevorg"]
[Black "Dmitriev, Igor"]
[Result "1-0"]
[WhiteElo "2472"]
[BlackElo "2242"]
[Annotator ""]
[Source ""]
[Remark ""]

1.e4 a6 2.d4 d6 3.f4 e6 4.Nf3 f5 5.exf5 exf5 6.c4 Nf6 7.Nc3 g6
8.Bd3 Bg7 9.O-O O-O 10.Re1 Re8 11.Bd2 Nbd7 12.b4 Rxe1+ 13.Qxe1
Nf8 14.Qh4 Bd7 15.Re1 c6 16.h3 b5 17.cxb5 axb5 18.Bc2 Be6 19.Ng5
Bc4 20.g4 Qd7 21.gxf5 gxf5 22.Nf3 Bf7 23.Qg5 Bg6 24.Bb3+ Kh8
25.Nh4 d5 26.Re5 Ne4 27.Nxe4 Bxe5 28.dxe5 fxe4 29.f5 Be8 30.Kh1
Qg7 31.Qe3 Qa7 32.Qg3 Qg7 33.Bg5 Nd7 34.f6 Qg8 35.Nf5 Bh5 36.Ne7
Qf7 37.Nxc6 1-0

[Event "Master Open"]
[Site "Voronezh"]
[Date "2017.06.19"]
[Round "7.43"]
[White "Panchenko, Dmitry"]
[Black "Iliushkin, Evgeny"]
[Result "1/2-1/2"]
[WhiteElo "2371"]
[BlackElo "2241"]
[Annotator ""]
[Source ""]
[Remark ""]

1.e4 c5 2.Nf3 e6 3.g3 Nc6 4.Bg2 Nf6 5.Qe2 d6 6.O-O Be7 7.c3 Ne5
8.d4 Nxf3+ 9.Bxf3 Nd7 10.dxc5 dxc5 11.e5 Qc7 12.Re1 Rb8 13.c4
a6 14.Nc3 O-O 15.Bf4 Rd8 16.Nd5 exd5 17.e6 Bd6 18.exf7+ Kh8 19.Qe7
Bxf4 20.Qxd8+ Qxd8 21.Re8+ Nf8 22.Rxd8 Bd7 23.Rxf8+ Rxf8 24.gxf4
Be6 25.cxd5 Bxf7 26.Re1 Kg8 27.Kg2 Rd8 28.Re5 Rd6 29.b3 Kf8 30.Be4
Rh6 31.Kg3 b5 32.Kf3 Rd6 33.Ke3 Rh6 34.Bf3 Rd6 35.h4 a5 36.h5
h6 37.Kd3 Ra6 38.Kc3 Rf6 39.f5 Rb6 40.Be2 Be8 41.Re6 Rxe6 42.fxe6
Ke7 43.Kd3 Kd6 44.Ke4 b4 45.f4 a4 46.Bd1 a3 47.Be2 c4 48.Bxc4
Bxh5 49.Kf5 Be8 50.Kg4 Bg6 51.f5 Be8 52.Kh4 Ke5 53.Kg4 Kd6 54.Kh4
Ke5 55.Kg4 Kd6 56.Kh4 1/2-1/2

[Event "Master Open"]
[Site "Voronezh"]
[Date "2017.06.19"]
[Round "7.44"]
[White "Ovod, Evgenija"]
[Black "Zherebtsova, Alexandra"]
[Result "1-0"]
[WhiteElo "2365"]
[BlackElo "2231"]
[Annotator ""]
[Source ""]
[Remark ""]

1.d4 Nf6 2.Nf3 c5 3.e3 b6 4.c4 cxd4 5.exd4 Bb7 6.Nc3 g6 7.d5
Bg7 8.Be2 O-O 9.O-O Re8 10.Bg5 h6 11.Bh4 d6 12.Nd4 Nbd7 13.f4
Rc8 14.b3 a6 15.a4 Qc7 16.Bf3 e5 17.dxe6 fxe6 18.Nde2 Nc5 19.Qc2
Kh7 20.Rad1 Ng8 21.Bh5 Qf7 22.Rxd6 Nxb3 23.f5 gxh5 24.Rd7 Nd4
25.Rxf7 Nxc2 26.f6 Ba8 27.Rxg7+ Kh8 28.Nf4 1-0

[Event "Master Open"]
[Site "Voronezh"]
[Date "2017.06.19"]
[Round "7.45"]
[White "Protopopova, Anastasiya"]
[Black "Strelnikov, Sergey"]
[Result "0-1"]
[WhiteElo "2123"]
[BlackElo "2357"]
[Annotator ""]
[Source ""]
[Remark ""]

1.d4 d6 2.c4 f5 3.Nf3 Nf6 4.g3 g6 5.Bg2 Bg7 6.O-O O-O 7.Nc3 Qe8
8.Nd5 Nxd5 9.cxd5 Nd7 10.Ng5 Nb6 11.a4 a5 12.e4 h6 13.Ne6 Bxe6
14.dxe6 fxe4 15.Bxe4 d5 16.Bg2 Qc6 17.Bh3 Nc4 18.Qd3 Kh7 19.b3
Nd6 20.Ba3 Qa6 21.Qxa6 Rxa6 22.Rac1 c6 23.Bxd6 exd6 24.e7 Re8
25.Rfe1 Bf6 26.Re6 Kg7 27.Rce1 Kf7 28.Rxd6 Rxe7 29.Rd1 Rb6 30.Rd3
Kg7 31.Kf1 Rb4 32.Rd8 Bxd4 33.Ra8 Bb6 34.Bc8 g5 35.Rb8 Bc5 36.Ra8
b6 37.Rb8 Rbe4 38.Bf5 Re8 39.Rxe8 Rxe8 40.Bd7 Rf8 41.Bxc6 Rxf2+
42.Ke1 Rxh2 43.Bxd5 h5 44.Kf1 Rf2+ 45.Ke1 g4 46.Bc6 Rf6 47.Rd7+
Kh6 48.Bd5 Bf2+ 49.Kf1 Bxg3+ 50.Kg2 Bd6 51.Rd8 h4 0-1

[Event "Master Open"]
[Site "Voronezh"]
[Date "2017.06.19"]
[Round "7.46"]
[White "Nazaretyan, Tigran"]
[Black "Grigoryeva, Olga A."]
[Result "1-0"]
[WhiteElo "2328"]
[BlackElo "2204"]
[Annotator ""]
[Source ""]
[Remark ""]

1.d4 d5 2.c4 c6 3.Nf3 Nf6 4.Qc2 g6 5.Bf4 Bg7 6.e3 O-O 7.Nc3 Bf5
8.Qb3 b6 9.Rc1 dxc4 10.Bxc4 b5 11.Be2 Nbd7 12.O-O Nh5 13.Be5
Be6 14.d5 Bxd5 15.Nxd5 Nxe5 16.Nb4 a6 17.Nxe5 Bxe5 18.Nxc6 Qd6
19.g4 Bxh2+ 20.Kg2 Nf4+ 21.exf4 Bxf4 22.Rfd1 Qf6 23.Rc2 Rac8
24.Bf3 Qg5 25.Rd7 Rce8 26.Qd5 e5 27.Kf1 h5 28.gxh5 gxh5 29.Be4
h4 30.Qd3 f5 31.Bg2 Kh8 32.Nb4 e4 33.Qd4+ Be5 34.Qe3 f4 35.Qxe4
Bg7 36.Qf3 Qe5 37.Nd3 Qg5 38.Rcc7 Rg8 39.Qxf4 Qh5 40.Bf3 Qh7
41.Rc5 Rgf8 42.Qg4 Rf6 43.Rg5 1-0

[Event "Master Open"]
[Site "Voronezh"]
[Date "2017.06.19"]
[Round "7.47"]
[White "Yashmetov, Mikhail"]
[Black "Pranav, V"]
[Result "1-0"]
[WhiteElo "2308"]
[BlackElo "2147"]
[Annotator ""]
[Source ""]
[Remark ""]

1.Nf3 Nf6 2.g3 b6 3.Bg2 Bb7 4.O-O c5 5.c4 e6 6.Nc3 Be7 7.Re1
d5 8.cxd5 exd5 9.d4 O-O 10.Bf4 Nc6 11.dxc5 bxc5 12.Ne5 Nd4 13.Nc4
Qd7 14.Na5 Rad8 15.Be5 Ne4 16.e3 Nc6 17.Nxb7 Qxb7 18.Nxd5 Nxf2
19.Kxf2 Nxe5 20.Nf6+ gxf6 21.Bxb7 Rxd1 22.Raxd1 Rb8 23.Be4 Rxb2+
24.Re2 Rb8 25.Rb1 Re8 26.Rb7 a5 27.Ra7 Bd6 28.Rxa5 Kg7 29.Ra8
Re7 30.Bf5 c4 31.Rd2 Bc5 32.Rdd8 Kh6 33.Rac8 Bb4 34.Rh8 Kg5 35.e4
h6 36.Rcg8+ Ng6 37.Kf3 Bd2 38.h4+ Kh5 39.Bg4# 1-0

[Event "Master Open"]
[Site "Voronezh"]
[Date "2017.06.19"]
[Round "7.48"]
[White "Varshini, V"]
[Black "Yeritsyan, Aram"]
[Result "1/2-1/2"]
[WhiteElo "2050"]
[BlackElo "2295"]
[Annotator ""]
[Source ""]
[Remark ""]

1.e4 e5 2.Nf3 Nc6 3.Bb5 a6 4.Ba4 Nf6 5.Qe2 b5 6.Bb3 Be7 7.c3
d5 8.d3 O-O 9.O-O Be6 10.Rd1 Re8 11.Nbd2 h6 12.Nf1 Bd6 13.Ng3
Na5 14.Bc2 c5 15.Nh4 d4 16.Nhf5 Rc8 17.Rf1 Bb8 18.Bd2 Nc6 19.f4
c4 20.Rad1 dxc3 21.bxc3 cxd3 22.Bxd3 exf4 23.Bxf4 Bxf4 24.Rxf4
Ne5 25.Kh1 Bxf5 26.Nxf5 Qb6 27.Bc2 Rxc3 28.Bb3 Rc6 29.Qe1 Ng6
30.Rf1 Rxe4 31.Bxf7+ Kxf7 32.Nxh6+ Ke7 33.Qg3 gxh6 34.Qxg6 Rg4
35.Qxh6 Rd6 36.Rde1+ Kd7 37.Qf8 Qd8 38.Qf7+ Kc8 39.h3 Rc4 40.Re6
Rxe6 41.Qxe6+ Nd7 42.Qxa6+ Kc7 43.Qxb5 Rc5 44.Qb4 Qe7 45.a4 Qe2
46.Re1 Qf2 47.Rd1 Qf5 48.Qd4 Nb6 49.Qd6+ Kb7 50.Re1 Ka6 51.Kh2
Rd5 52.Qb4 Ra5 53.Rb1 Qf6 54.Qe4 Qd6+ 55.Kh1 Rd5 56.Re1 Qc6 57.Qe2+
Ka5 58.Rb1 Nxa4 59.Qe7 Qc5 60.Qb7 Rd8 61.Ra1 Qd4 62.Qc7+ Kb4
63.Rb1+ Ka3 64.Qb7 Qc3 65.Qe7+ Ka2 66.Qxd8 Kxb1 67.Qd1+ Kb2 68.Qxa4
Qe1+ 69.Kh2 Qe5+ 70.g3 Qe2+ 71.Kg1 Qe1+ 72.Kg2 Qe2+ 73.Kg1 Qe1+ 1/2-1/2

[Event "Master Open"]
[Site "Voronezh"]
[Date "2017.06.19"]
[Round "7.49"]
[White "Ageichenko, Genadi A"]
[Black "Michelle Catherina, P"]
[Result "0-1"]
[WhiteElo "2279"]
[BlackElo "2157"]
[Annotator ""]
[Source ""]
[Remark ""]

1.c4 Nf6 2.Nf3 e6 3.e3 c5 4.Nc3 d5 5.d4 cxd4 6.exd4 Bb4 7.cxd5
Nxd5 8.Bd2 O-O 9.Bd3 Nc6 10.O-O Be7 11.a3 Bf6 12.Qc2 h6 13.Be3
Nxc3 14.bxc3 b6 15.Qd2 Na5 16.Rad1 Re8 17.Ne5 Bb7 18.f4 Nc6 19.Ng4
Rc8 20.Bb1 Na5 21.Qd3 Kf8 22.f5 e5 23.Nxf6 Qxf6 24.dxe5 Rxe5
25.Bd4 Qg5 26.Rf2 Re4 27.f6 g6 28.Qh3 Re6 29.Ba2 Nc4 30.Qd3 Be4
31.Qh3 Bb7 32.Bxc4 Rxc4 33.Qd3 Rc8 34.Re2 Rce8 35.Rxe6 Qxg2# 0-1

[Event "Master Open"]
[Site "Voronezh"]
[Date "2017.06.19"]
[Round "7.50"]
[White "Krithigga, K"]
[Black "Rjabzev, Konstantin"]
[Result "0-1"]
[WhiteElo "1836"]
[BlackElo "2278"]
[Annotator ""]
[Source ""]
[Remark ""]

1.c4 e6 2.g3 d5 3.Bg2 c6 4.Nf3 Nf6 5.O-O Bd6 6.d4 dxc4 7.Nfd2
O-O 8.Nxc4 Be7 9.Nc3 Nbd7 10.Bf4 Nb6 11.Qd3 Nfd5 12.Nxd5 exd5
13.Nxb6 Qxb6 14.b3 Bf6 15.Rad1 g6 16.f3 Rd8 17.Be3 a5 18.a3 Bf5
19.Qc3 Re8 20.Rd2 c5 21.g4 Bd7 22.g5 Rxe3 23.Qxe3 Bxd4 24.Rxd4
cxd4 25.Qf2 Re8 26.Rd1 Re3 27.f4 Be6 28.a4 Qc5 29.Bf3 b6 30.h4
Bf5 31.h5 d3 32.Kg2 Be4 33.Rd2 dxe2 34.Rxe2 Rxf3 0-1

[Event "Master Open"]
[Site "Voronezh"]
[Date "2017.06.19"]
[Round "7.51"]
[White "Harshini, A"]
[Black "Schepetkova, Margarita"]
[Result "1/2-1/2"]
[WhiteElo "2000"]
[BlackElo "2252"]
[Annotator ""]
[Source ""]
[Remark ""]

1.e4 c6 2.d4 d5 3.Nc3 dxe4 4.Nxe4 Bf5 5.Ng3 Bg6 6.h4 h6 7.Nf3
Nd7 8.h5 Bh7 9.Bd3 Bxd3 10.Qxd3 e6 11.Bd2 Ngf6 12.O-O-O Be7 13.Ne4
Nxe4 14.Qxe4 Nf6 15.Qe2 Qd5 16.Kb1 Qe4 17.Qxe4 Nxe4 18.Be3 O-O
19.Ne5 Rfd8 20.c4 Bg5 21.Bxg5 hxg5 22.Rhe1 Nd6 23.g4 a5 24.a4
Re8 25.c5 Nc8 26.Nc4 Ra6 27.Rd2 Rd8 28.Re5 Rd5 29.Ne3 Rd8 30.Nc4
Rd5 31.Ne3 Rd8 32.Nc4 1/2-1/2

[Event "Master Open"]
[Site "Voronezh"]
[Date "2017.06.19"]
[Round "7.52"]
[White "Mendonca, Leon Luke"]
[Black "Sadovsky, Artem"]
[Result "1-0"]
[WhiteElo "2174"]
[BlackElo "2407"]
[Annotator ""]
[Source ""]
[Remark ""]

1.d4 g6 2.c4 Bg7 3.e4 d6 4.Nc3 e5 5.Nge2 Nc6 6.Be3 f5 7.exf5
Bxf5 8.d5 Nce7 9.Ng3 Nf6 10.Bd3 O-O 11.O-O Bd7 12.f3 Nf5 13.Bg5
h6 14.Bxf6 Qxf6 15.Nce4 Qe7 16.Re1 h5 17.Nf1 Bh6 18.Qb3 b6 19.Qc3
a5 20.b3 Nd4 21.a3 h4 22.h3 Nxf3+ 23.gxf3 Rxf3 24.Qc2 Rxh3 25.Rad1
Rf8 26.Qg2 Qf7 27.Re2 Rf3 28.Nh2 Rf4 29.Ng5 Qf6 30.Ne6 Bxe6 31.dxe6
g5 32.Be4 Kh8 33.Bd5 Qf5 34.Re4 Rf2 35.Qg4 Qf6 36.Qh5 Kg7 37.e7
Qxe7 38.Ng4 R2f6 39.Ree1 Rg6 40.Be4 Re6 41.Bd5 Rg6 42.Rf1 Rf4
43.Rxf4 exf4 44.Kf1 c6 45.Re1 Qf8 46.Bxc6 d5 47.Bxd5 Qxa3 48.Be4 1-0

[Event "Master Open"]
[Site "Voronezh"]
[Date "2017.06.19"]
[Round "7.53"]
[White "Sakorenko, Adriana"]
[Black "Karpenko, Artem"]
[Result "0-1"]
[WhiteElo "2140"]
[BlackElo "2404"]
[Annotator ""]
[Source ""]
[Remark ""]

1.d4 Nf6 2.Bf4 g6 3.Nd2 Bg7 4.e4 d6 5.Ngf3 Nbd7 6.Bd3 O-O 7.O-O
Qe8 8.h3 e5 9.dxe5 Nh5 10.Bh2 dxe5 11.Nc4 Qe7 12.Qd2 Rd8 13.Qe3
b6 14.Rad1 Bb7 15.Rfe1 h6 16.Qc1 g5 17.Ne3 Nf4 18.Nf5 Qf6 19.b4
Nf8 20.Nxg7 Qxg7 21.Bf1 Rxd1 22.Qxd1 Qf6 23.Bxf4 Qxf4 24.Qd2
Qxd2 25.Nxd2 Rd8 26.Nb3 Ne6 27.c3 Kf8 28.f3 Ke7 29.Kf2 Bc6 30.g3
Nf8 31.Be2 Ng6 32.Rd1 Rxd1 33.Bxd1 Ba4 34.Be2 Bxb3 35.axb3 h5
36.Ba6 h4 37.Bc4 f6 38.Bg8 b5 39.Bd5 hxg3+ 40.Kxg3 Nf4 41.c4
Ne2+ 42.Kg4 bxc4 43.Bxc4 Nd4 44.Bg8 Nc2 45.h4 gxh4 46.Kxh4 Nxb4
47.Kg4 Nd3 48.Bc4 Nf4 49.Kf5 a5 50.Bg8 Ng2 51.Kg4 Ne3+ 52.Kg3
Kd6 53.f4 Kc5 54.Kf3 Kd4 55.Be6 c5 56.Bd7 Nd1 57.Bc6 Nc3 58.f5
c4 59.bxc4 a4 0-1

[Event "Master Open"]
[Site "Voronezh"]
[Date "2017.06.19"]
[Round "7.54"]
[White "Novikova, Galina"]
[Black "Tomilova, Elena"]
[Result "0-1"]
[WhiteElo "2122"]
[BlackElo "2303"]
[Annotator ""]
[Source ""]
[Remark ""]

1.e4 c5 2.Nf3 d6 3.b4 cxb4 4.d4 Nf6 5.Bd3 g6 6.Bd2 Bg7 7.Bxb4
Bg4 8.Nbd2 O-O 9.O-O Nc6 10.Bc3 Rc8 11.Rb1 Nd7 12.h3 Bxf3 13.Nxf3
Qc7 14.Ba1 Na5 15.Nd2 e5 16.c3 Nb6 17.f4 exf4 18.Rxf4 Qe7 19.Qe2
Bh6 20.Rf3 Rc7 21.c4 Bxd2 22.Qxd2 Naxc4 23.Qh6 f6 24.h4 d5 25.Bc3
dxe4 26.Bb4 Nd6 27.Re1 f5 28.Bxe4 Qf6 29.Bc5 Re7 30.Bxb6 Nxe4
31.Ba5 Qxd4+ 32.Kh1 Qc5 33.Rxe4 Rxe4 34.Bc3 Qe7 35.Rh3 Rd8 36.h5
Rd1+ 37.Kh2 Qc7+ 38.Rg3 Rh4# 0-1

[Event "Master Open"]
[Site "Voronezh"]
[Date "2017.06.19"]
[Round "7.55"]
[White "Anchutin, Nikita"]
[Black "Bezgodova, Svetlana"]
[Result "1-0"]
[WhiteElo "2282"]
[BlackElo "2038"]
[Annotator ""]
[Source ""]
[Remark ""]

1.d4 Nf6 2.Nf3 c6 3.c4 d6 4.Nc3 Nbd7 5.e4 e5 6.Be2 Be7 7.O-O
O-O 8.Be3 Ng4 9.Bd2 a6 10.d5 cxd5 11.cxd5 b5 12.b4 Nb6 13.h3
Nf6 14.Be3 Bd7 15.Nxe5 dxe5 16.d6 Re8 17.dxe7 Rxe7 18.Qd2 Qb8
19.Bc5 Re8 20.Qe3 Na4 21.Nxa4 bxa4 22.Rfd1 Bc6 23.f3 Nh5 24.Rd6
Bb5 25.Rb6 Qc8 26.Bxb5 axb5 27.Rxb5 Qd7 28.Rb6 Nf4 29.Rd6 Qe7
30.Kh2 Qb7 31.Rad1 h6 32.a3 Qb5 33.g3 Ne6 34.Qd3 Qxd3 35.R1xd3
Rac8 36.Rc3 Rc7 37.Rd5 f6 38.Kg2 Rec8 39.Kf2 h5 40.h4 g5 41.hxg5
Nxg5 42.Ke3 Ne6 43.Kd3 h4 44.gxh4 Nf4+ 45.Kc4 Rg7 46.Rd6 Nh5
47.b5 Rg2 48.Rc6 Rb8 49.b6 Rb2 50.Bb4 Nf4 51.Kb5 1-0

[Event "Master Open"]
[Site "Voronezh"]
[Date "2017.06.19"]
[Round "7.56"]
[White "Siddharth, Sabharishankar"]
[Black "Muromtsev, Arthur"]
[Result "1/2-1/2"]
[WhiteElo "2087"]
[BlackElo "2234"]
[Annotator ""]
[Source ""]
[Remark ""]

1.e4 c6 2.d4 d5 3.Nd2 dxe4 4.Nxe4 Nf6 5.Nxf6+ gxf6 6.Nf3 Bg4
7.Be2 Qc7 8.Be3 e6 9.Qd2 Nd7 10.c4 O-O-O 11.O-O-O Nc5 12.Bf4
e5 13.Bg3 h5 14.Qc2 Bxf3 15.Bxf3 Ne6 16.Qe4 Rxd4 17.Rxd4 Nxd4
18.Rd1 Bd6 19.Bxh5 f5 20.Qh4 Qd8 21.Qxd8+ Kxd8 22.Bxf7 Ke7 23.c5
Bb8 24.Bc4 f4 25.Bxf4 exf4 26.Rxd4 Rxh2 27.Bf1 Rh1 28.Rd1 a5
29.a3 a4 30.Be2 Rxd1+ 31.Bxd1 Ba7 32.Bxa4 Bxc5 33.f3 Kd6 34.Kd2
Be3+ 35.Kd3 Bc1 36.Kc2 Be3 37.Bb3 Kc5 38.Be6 b6 39.Bf5 Kd4 40.b3
c5 41.Bd3 Bf2 42.a4 Be1 43.Bc4 Bb4 44.Kd1 Ke3 1/2-1/2

[Event "Master Open"]
[Site "Voronezh"]
[Date "2017.06.19"]
[Round "7.57"]
[White "Shkurkin, Andrey"]
[Black "Tsvetkov, Andrey"]
[Result "1/2-1/2"]
[WhiteElo "2229"]
[BlackElo "2072"]
[Annotator ""]
[Source ""]
[Remark ""]

1.d4 d5 2.c4 c6 3.cxd5 cxd5 4.Bf4 Qb6 5.Nc3 Nf6 6.Rc1 Nc6 7.e3
Bf5 8.Bd3 Bxd3 9.Qxd3 e6 10.Nf3 Be7 11.O-O O-O 12.Qb5 Rfc8 13.Qxb6
axb6 14.a3 Nh5 15.Be5 f6 16.Bg3 Nxg3 17.hxg3 Kf7 18.Rfd1 Na5
19.Nd2 Nc4 20.Nxc4 Rxc4 21.Kf1 Rac8 22.Na2 b5 23.Ke2 Ke8 24.Kd2
Kd7 25.Rh1 h6 26.g4 Ke8 27.f3 Kf7 28.Rhd1 Bd6 29.Rh1 Be7 30.Rhd1
Bd6 31.Rh1 1/2-1/2

[Event "Master Open"]
[Site "Voronezh"]
[Date "2017.06.19"]
[Round "7.58"]
[White "Shaydullina, Sandugach"]
[Black "Gutkovich, Polina"]
[Result "1-0"]
[WhiteElo "2217"]
[BlackElo "1904"]
[Annotator ""]
[Source ""]
[Remark ""]

1.d4 d5 2.Nf3 Nf6 3.c4 e6 4.g3 dxc4 5.Bg2 Nc6 6.Qa4 Bb4+ 7.Bd2
Nd5 8.Bxb4 Ndxb4 9.O-O Rb8 10.Nc3 a6 11.Ne5 O-O 12.Nxc6 Nxc6
13.Bxc6 bxc6 14.Qxc4 Qe7 15.b3 e5 16.Qc5 Re8 17.Qxe7 Rxe7 18.Rfd1
exd4 19.Rxd4 Rd7 20.Rad1 Rxd4 21.Rxd4 Be6 22.Ra4 Rb6 23.Ra5 Bc8
24.Rc5 Bb7 25.f3 Kf8 26.Kf2 Ke7 27.Ke3 h6 28.Kd3 Kd6 29.Ra5 Bc8
30.e4 c5 31.Nd5 Rb5 32.Ra4 c6 33.Ne3 h5 34.Nc4+ Ke6 35.Na3 Rb7
36.Ra5 g6 37.Rxc5 Kd6 38.Kd4 Rb4+ 39.Nc4+ Kc7 40.Ra5 Rb5 41.Rxb5
axb5 42.Ne5 Kb6 43.Nxf7 c5+ 44.Kc3 Bh3 45.Ng5 Bf1 46.h4 b4+ 47.Kb2
Kc6 48.a4 c4 49.bxc4 Bxc4 50.f4 Kc5 51.f5 gxf5 52.exf5 Kd6 53.f6
Bd5 54.a5 Bc4 55.Kc2 Kd7 56.a6 Bxa6 57.Kb3 Bb7 58.Kxb4 Bd5 59.Kc5
Ba2 60.Kd4 Kd8 61.Ke4 Bb1+ 62.Kf4 Bc2 63.Nf3 Bd1 64.Nd4 Bg4 65.Kg5
Kd7 66.Kg6 1-0